000 00626nam a22002177a 4500
003 UA-OsUOA
001 45279
007 ta
008 20070411b un ||||| |||| 00| 0 ukr d
100 _aСюндюков І.
090 _a94(477)
_bС-11
942 _cSA
040 _aUA-OsUOA
_bukr
_cUA-OsUOA
_dUA-OsUOA
245 _aВибух праведного гніву. Рік 1667-й: фрагмент з історії української Руїни
300 _aС.8
955 _a0
041 _aukr
080 _a94(477)
773 0 _w45277
650 7 _a9 Географія. Біографії. Історія
_2UDC
999 _c331372
_d331372